000 00905nam a2200325 a 4500
003 AR-BaBNM
005 20251128204332.0
008 082120s2002 ||||||||||||||000 | spa||
040 _cAR-BaBNM
100 1 _aRubio Angulo, Jaime
245 0 0 _aIntroducción al filosofar
250 _a3ª ed.
260 _aBogotá
_bUniversidad Santo Tomás. Centro de Enseñanza Desescolarizada
_c1980
300 _a251 p.
_bgráfs.
490 0 _aFilosofía a distancia
500 _aContiene referencias bibliográficas
600 0 4 _aAristóteles
600 0 4 _aPlatón
600 1 4 _aKant, Immanuel
600 1 4 _aDescartes, René
650 4 _aFILOSOFIA
650 4 _aACTIVIDADES DE APRENDIZAJE
650 4 _aENSEÑANZA UNIVERSITARIA
650 4 _aONTOLOGIA
650 4 _aEPISTEMOLOGIA
650 4 _aESCUELAS FILOSOFICAS
650 4 _aHISTORIA DE LA FILOSOFIA
942 _cBK
998 _cMARTIN
999 _c7065
_d7065